01646nam a2200217 i 4500003000900000005001700009007000300026008004100029020001500070040003000085082001400115100004000129245029000169264004400459300002700503336002700530337003300557338002800590505077500618700003501393DO-SdBNP20240703090448.0ta240701e2004 dr ||||| |||| 00| 0 spa d a996894243X aDO-SdBNPbspacBNPHUerda 4222bF954p1 aFuenmayor Espina, Alejandro eautor10aLas garantías y procedimientos internacionales del derecho a la información en el pacto de San José:banálisis jurídico y político de los artículos 13º y 14º de la convención americana sobre derechos humanos /cAlejandro Fuenmayor Espina; prólogo, Alejandro Alfonso 1aSan José, Costa Rica :bUnesco,c2004 a72 páginas ;c21 cm. 2rdacontentatextobtxt 2rdamediaasin mediaciónbn 2rdacarrieravolumenbnc aI. Prólogo.tII. Introducción.--tIII. Vínculo Jurídico entre el Pacto y los países latinoamericanos miembros que le han reconocido competencia a la corte o a la comisión.--tIV. Rango constitucional y de aplicación preferente del pacto en el derecho interno de algunos países miembros.--tV. Análisis jurídico de los Artículos 13º y 14º.--tVI. Los órganos de protección internacional de la Convención Americana sobre Derechos Humanos.--tVII. La Comisión Interamericana de Derechos Humanos.--tVIII. La Corte Interamericana de Derechos Humanos.--tIX. Conclusiones.--tX. Anexos: I. Declaración de Principios sobre Libertad de Expresión. II. Síntesis sobre la Jurisprudencia Interamericana en Materia de Libertad de Expresión.--1 aAlfonso, Alejandro,eprólogo